Country Logic Puzzle by Scambigol #37 - Statistics

General Stats
  • This quiz has been taken 55 times
  • The average score is 34 of 48
Answers on the Map
Answers color-coded by a green-red scale on the quiz's map according to % correct below.
 
Answer Stats
Country % Correct
Guinea
86%
Ivory Coast
80%
Liberia
80%
Sierra Leone
80%
Gambia
77%
Mali
77%
Senegal
77%
Niger
74%
Sudan
74%
Algeria
71%
Burkina Faso
71%
Central African Republic
71%
Djibouti
71%
DR Congo
71%
Eritrea
71%
Ethiopia
71%
Guinea-Bissau
71%
Mauritania
71%
Morocco
71%
Somalia
71%
South Sudan
71%
Benin
69%
Botswana
69%
Cameroon
69%
Chad
69%
Egypt
69%
Equatorial Guinea
69%
Eswatini
69%
Gabon
69%
Ghana
69%
Lesotho
69%
Libya
69%
Mozambique
69%
Namibia
69%
Nigeria
69%
Rep. of the Congo
69%
South Africa
69%
Togo
69%
Tunisia
69%
Zambia
69%
Zimbabwe
69%
Angola
66%
Burundi
66%
Kenya
66%
Malawi
66%
Rwanda
66%
Tanzania
66%
Uganda
66%
No matching quizzes found
Score Distribution
Percent of People with Each Score
Percentile by Number Answered
Your Score History
You have not taken this quiz